000 00434nam a2200181Ia 4500
001 16326
005 20260306170301.0
008 260306t2002||||xx |||||||||||||| ||und||
041 _aESP
082 _a348.2541L
_bS29
100 _aSchifer, Claudio
_eAUT
245 0 _aTelecomunicaciones marco regulatorio
260 _c2002
300 _a350 páginas :
_c23 cm.
650 _aGEN
654 _aCDE
942 _cLIB
_dJUS
_fJUS
_2ddc
_n
999 _c16326
_d16326